Visualizzazione normale
Vista MARC
- Karszowa M.
di Personal Name
Records bibliografici associati: 1
001 - CONTROL NUMBER
- control field: 24753
003 - CONTROL NUMBER IDENTIFIER
- control field: IT-RoPau
005 - DATE AND TIME OF LATEST TRANSACTION
- control field: 20140512223641.0
008 - FIXED-LENGTH DATA ELEMENTS
- fixed length control field: 140512|| aca||aabn | a|a d
040 ## - CATALOGING SOURCE
- Original cataloging agency: IT-RoPau
- Transcribing agency: IT-RoPau
100 ## - HEADING--PERSONAL NAME
- Personal name: Karszowa M.
- Dates associated with a name: Codice autore testo/musica SPICS: 25521
- Relator term: Autore testo/musica
- Name of part/section of a work: Cyganska Wrozba
670 ## - SOURCE DATA FOUND
- Source citation: Work cat.: (IT-RoPau)102485: AA.VV. 794, Z Archiwum Polskiego Beatu vol. 2 (Lp Sx 2199)